000
00256nam a2200097Ia 4500
001
643409
005
20250826153545.0
008
250824s9999 xx 000 0 und d
245
0
_a
ÇALI SÜPÜRGESİ NİN SAHİBİ
_c
MEHMET BALTAOĞLU
260
_b
GENÇ TİMAŞ
999
_c
643409
_d
643409